Alice in Wonderland / (Record no. 22)
[ view plain ]
| 000 -LEADER | |
|---|---|
| fixed length control field | 01431nam a2200289 a 4500 |
| 001 - CONTROL NUMBER | |
| JCCL Control Number | 22 |
| 003 - CONTROL NUMBER IDENTIFIER | |
| JCCL marc code | BD-JhCC |
| 005 - DATE AND TIME OF LATEST TRANSACTION | |
| control field | 20231113104824.0 |
| 008 - FIXED-LENGTH DATA ELEMENTS--GENERAL INFORMATION | |
| fixed length control field | 170924s2006 ii a j 000 f eng |
| 020 ## - INTERNATIONAL STANDARD BOOK NUMBER | |
| International Standard Book Number | 8187233702 |
| 035 ## - SYSTEM CONTROL NUMBER | |
| system control number | (BD-JhCC)22 |
| 040 ## - CATALOGING SOURCE | |
| Original cataloging agency | ANL |
| Modifying agency | ANL |
| -- | BD-JhCC |
| Transcribing agency | BD-JhCC |
| 041 ## - LANGUAGE CODE | |
| Language code of Book | eng |
| 082 04 - DEWEY DECIMAL CLASSIFICATION NUMBER | |
| Classification number | 823.8 |
| DDC Edition number | 22 |
| Author mark and Year | CAR 2006 |
| 100 1# - MAIN ENTRY--PERSONAL NAME | |
| Personal name | Carroll, Lewis, |
| Dates associated with a name | 1832-1898. |
| 240 10 - UNIFORM TITLE | |
| Uniform title | Alice's adventures in Wonderland |
| 245 10 - TITLE STATEMENT | |
| Title | Alice in Wonderland / |
| Statement of responsibility, etc | by Lewis Carroll ; illustrated by Eric Kincaid. |
| 260 ## - PUBLICATION, DISTRIBUTION, ETC. (IMPRINT) | |
| Place of publication, distribution, etc | New Delhi : |
| Name of publisher, distributor, etc | Infinity Books, |
| Date of publication, distribution, etc | 2006 |
| 300 ## - PHYSICAL DESCRIPTION | |
| Pagination | 208 p. : |
| Other physical details | ill. ; |
| Dimensions | 24 cm. |
| 500 ## - GENERAL NOTE | |
| General note | First published: Rowville, Vic. : Brimax Books, 1988. |
| 500 ## - GENERAL NOTE | |
| General note | "CD produced by Spoken Word Productions"--T.p. verso. |
| 520 ## - SUMMARY, ETC. | |
| Summary, etc | In 1865, Charles Lutwidge Dodson composed a fantasy tale for a trio of young sisters. His creative genius and childlike ability to imagine a universe like no other took form in one of the most treasured children’s books of all time. Under the pen-name of Lewis Carroll, Dodson’s tale of an intrepid little girl who discovers a surreal, beautiful, and dangerous land would has shared its magic with generations of readers. His Cheshire Cat, Mad Hatter, and Queen of Hearts have become cultural icons, to say nothing of the heroic young Alice herself. |
| 650 #0 - SUBJECT ADDED ENTRY--TOPICAL TERM | |
| Topical term or geographic name as entry element | Fantasy fiction. |
| 700 1# - ADDED ENTRY--PERSONAL NAME | |
| Personal name | Kincaid, Eric. |
| 942 ## - ADDED ENTRY ELEMENTS (KOHA) | |
| Source of classification or shelving scheme | Dewey Decimal Classification |
| Koha item type | Books |
| Koha issues (borrowed), all copies | 5 |
| Source of classification or shelving scheme | Damaged status | Not for loan | Home library | Current library | Date of accession | Total Checkouts | Full call number | Barcode | Date last seen | Date checked out | Copy number | Koha item type | Shelving location |
|---|---|---|---|---|---|---|---|---|---|---|---|---|---|
| Dewey Decimal Classification | JCC Rouf Library | JCC Rouf Library | 09/24/2017 | 9 | 823.8 CAR 2006 | 1415 | 09/08/2024 | 09/02/2024 | C-1 | Books | |||
| Dewey Decimal Classification | JCC Rouf Library | JCC Rouf Library | 10/24/2017 | 5 | 823.8 CAR 2006 | 2649 | 09/01/2025 | 07/30/2025 | C-2 | Books | General Stacks |